Handbook for special population (Record no. 4529)

MARC details
000 -LEADER
fixed length control field 00590cam a2200217ua 4500
001 - CONTROL NUMBER
control field 5352
005 - DATE AND TIME OF LATEST TRANSACTION
control field 20260515113853.0
008 - FIXED-LENGTH DATA ELEMENTS--GENERAL INFORMATION
fixed length control field 120823n ii |||gr||||Z||||||eng
020 ## - INTERNATIONAL STANDARD BOOK NUMBER
International Standard Book Number 978-93-81572-14-6
040 ## - CATALOGING SOURCE
Transcribing agency MAIN
082 ## - DEWEY DECIMAL CLASSIFICATION NUMBER
Classification number 304.6
100 1# - MAIN ENTRY--PERSONAL NAME
Personal name Devi, Laishram Bijeta,
Relator term Author.
245 11 - TITLE STATEMENT
Title Handbook for special population
Statement of responsibility, etc. by Laishram Bijeta Devi
250 ## - EDITION STATEMENT
Edition statement 1st.
260 ## - PUBLICATION, DISTRIBUTION, ETC.
Place of publication, distribution, etc. Tamil Nadu:
Name of publisher, distributor, etc. Rajiv Gandhi National Institute of Youth Development,
Date of publication, distribution, etc. 2011.
300 ## - PHYSICAL DESCRIPTION
Extent iv,99p.
653 ## - INDEX TERM--UNCONTROLLED
Uncontrolled term Sociology
653 ## - INDEX TERM--UNCONTROLLED
Uncontrolled term Population
653 ## - INDEX TERM--UNCONTROLLED
Uncontrolled term Special Population
942 ## - ADDED ENTRY ELEMENTS (KOHA)
Koha item type Books
Holdings
Withdrawn status Lost status Damaged status Not for loan Home library Current library Shelving location Date acquired Total checkouts Full call number Barcode Date last seen Copy number Price effective from Koha item type
        Naharkatiya College Library Naharkatiya College Library General stacks 09/19/2020   304.6Sociology | DEV 20729 09/19/2020 1 09/19/2020 Books